000 00287nam a22001097a 4500
082 _a808.831
_bBHA
_cL-NUST-01, P-47
245 _aGiant Book of Fairy Tales
260 _aDelhi
_bArora Book Co
300 _aP 96
_bill
_c25cm
526 _a0
_b0
_c0
_d808_831000000000000_BHA
942 _2ddc
_cBK
999 _c550158
_d550158